000 00540nam a2200217Ia 4500
008 210210b2017 xxu||||| |||| 00| 0 eng d
020 _a9789352027293
041 _aeng
082 _a510.2465 RANT
100 _aRANGANATH (G K)
245 _aText book of business mathematics
260 _aMumbai
_bHimalaya Publishing House
_c2017
300 _axii,331
650 _aText
650 _amathematics
650 _abusiness
650 _abook
690 _aBusiness Mathematics
700 _aSAMPANGIRAM (C S)
906 _a072184
999 _c122063
_d122063